00449nam a2200181Ia 450000500170000000800410001702000150005808200130007324500310008626000350011730000170015265000140016965000100018365000140019365000130020770000250022070000220024520240520032844.0240331s9999 xx 000 0 und d a0313225435 bEURa335 0aEuropean women on the left aAmericabGreenwood pressc1981 avi, 245 p ., aSocialism aWomen aPolitical aFeminism aSlaugbter, Janeeedt aKern, Roberteedt